[Event "Getxo op 4th"]
[Site "Getxo"]
[Date "2019.09.08"]
[Round "2"]
[White "Narciso Dublan, Marc"]
[Black "Torres Garcia, Koldo"]
[Result "1-0"]
[WhiteElo "2511"]
[BlackElo "1971"]
[PlyCount "67"]
[EventDate "2019.09.08"]
[EventType "swiss"]
[EventRounds "9"]
[EventCountry "ESP"]
[SourceTitle "EXT 2020"]
[Source "ChessBase"]
[SourceDate "2019.10.17"]
[SourceVersion "1"]
[SourceVersionDate "2019.10.17"]
[SourceQuality "1"]

1. d4 Nf6 2. Bg5 c5 3. Bxf6 gxf6 4. d5 Qb6 5. Qc1 d6 6. e3 f5 7. c4 Bg7 8. Nc3 e5 9. Nf3 Nd7 10. Be2 e4 11. Nd2 Ne5 12. 0-0 Nd3 13. Bxd3 exd3 14. a4 0-0 15. a5 Qd8 16. Qb1 Qg5 17. f4 Qg6 18. Qxd3 Bd7 19. Rab1 Rae8 20. Rf3 Kh8 21. b4 Qf6 22. Ne2 cxb4 23. Qb3 Re7 24. Qxb4 Bc8 25. c5 dxc5 26. Qxc5 Rd8 27. Nc4 Red7 28. d6 Rxd6 29. Nxd6 Qxd6 30. Qxd6 Rxd6 31. Rff1 b6 32. Rfd1 Rxd1+ 33. Rxd1 Bf6 34. axb6 1-0

[Event "Bizkaia-ch"]
[Site "Bilbao"]
[Date "2018.11.03"]
[Round "3"]
[White "Perez Fernandez, Modesto C"]
[Black "Torres Garcia, Koldo"]
[Result "1/2-1/2"]
[WhiteElo "2134"]
[BlackElo "1975"]
[PlyCount "76"]
[EventDate "2018.10.20"]
[EventType "swiss"]
[EventRounds "6"]
[EventCountry "ESP"]
[SourceTitle "CBM 187 Extra"]
[Source "ChessBase"]
[SourceDate "2018.11.04"]
[SourceVersion "1"]
[SourceVersionDate "2018.11.04"]
[SourceQuality "1"]

1. e4 e5 2. Nf3 Nc6 3. Bb5 a6 4. Bxc6 dxc6 5. 0-0 Bg4 6. h3 Bxf3 7. Qxf3 Qf6 8. Qxf6 Nxf6 9. d3 Bc5 10. Nd2 0-0-0 11. Nc4 Nd7 12. Be3 Bxe3 13. Nxe3 h5 14. g3 g5 15. Nf5 g4 16. hxg4 hxg4 17. Kg2 Nf6 18. Rh1 c5 19. Rh6 Rxh6 20. Nxh6 Rd7 21. b3 b5 22. Kf1 c4 23. bxc4 bxc4 24. Ke2 cxd3+ 25. cxd3 c5 26. Rc1 Rc7 27. Kd2 Kd8 28. Rb1 c4 29. dxc4 Rxc4 30. Nxf7+ Kc7 31. Rb7+ Kxb7 32. Nd6+ Kc6 33. Nxc4 Nd7 34. Kd3 Nc5+ 35. Kc2 Nd7 36. Kc3 Kc5 37. Ne3 Nf6 38. Kd3 a5 1/2-1/2

[Event "Euskadi-ch"]
[Site "Zornotza"]
[Date "2017.04.17"]
[Round "1"]
[White "Prieto Aranguren, Alain"]
[Black "Torres Garcia, Koldo"]
[Result "1-0"]
[WhiteElo "2224"]
[BlackElo "2004"]
[PlyCount "111"]
[EventDate "2017.04.17"]
[EventType "swiss"]
[EventRounds "7"]
[EventCountry "ESP"]
[SourceTitle "CBM 178 Extra"]
[Source "ChessBase"]
[SourceDate "2017.06.22"]
[SourceVersion "1"]
[SourceVersionDate "2017.06.22"]
[SourceQuality "1"]

1. d4 Nf6 2. c4 c5 3. d5 b5 4. cxb5 a6 5. b6 Qxb6 6. Nc3 g6 7. e4 d6 8. Nf3 Bg7 9. Nd2 0-0 10. Nc4 Qc7 11. a4 Bb7 12. Bf4 Nh5 13. Be3 Nd7 14. Be2 Nhf6 15. a5 Ne8 16. 0-0 e6 17. dxe6 fxe6 18. Bg4 Bxc3 19. Bxe6+ Kg7 20. bxc3 Bxe4 21. Bxd7 Qxd7 22. Nb6 Qe6 23. Nxa8 Bxa8 24. Qe2 Qe5 25. Qd2 Rf5 26. Rae1 Qf6 27. Bxc5 dxc5 28. Qd7+ Kh6 29. Qxe8 Bxg2 30. Qe3+ Qg5 31. Qxg5+ Rxg5 32. h4 Rg4 33. f3 Bxf3+ 34. Kh2 Be4 35. Rf6 Kh5 36. Re6 Rxh4+ 37. Kg3 Rg4+ 38. Kf2 Bf5 39. Rxa6 Rf4+ 40. Ke3 Rh4 41. Ra1 Rh3+ 42. Kf4 Bd3 43. Rc6 g5+ 44. Ke5 c4 45. a6 Re3+ 46. Kf6 Re8 47. a7 Ra8 48. Rb6 Kh4 49. Ra4 g4 50. Rb8 Be4 51. Rxa8 Bxa8 52. Rxc4 Kh3 53. Rc8 Bf3 54. a8Q Bxa8 55. Rxa8 h5 56. Kg5 1-0

[Event "Erandio op 20th"]
[Site "Erandio"]
[Date "2011.12.17"]
[Round "2"]
[White "Gomez Esteban, Juan Mario"]
[Black "Torres Garcia, Koldo"]
[Result "1-0"]
[WhiteElo "2488"]
[BlackElo "2024"]
[PlyCount "53"]
[EventDate "2011.12.17"]
[EventType "swiss"]
[EventRounds "9"]
[EventCountry "ESP"]
[SourceTitle "EXT 2024"]
[Source "ChessBase"]
[SourceDate "2023.10.10"]
[SourceVersion "1"]
[SourceVersionDate "2023.10.10"]
[SourceQuality "1"]

1. d4 d5 2. c4 e6 3. Nc3 c6 4. e3 Nf6 5. Nf3 Be7 6. Bd3 dxc4 7. Bxc4 b5 8. Bd3 Bb7 9. e4 Nbd7 10. e5 Nd5 11. Nxd5 cxd5 12. h4 Qb6 13. Be3 a5 14. Ng5 Bb4+ 15. Kf1 f5 16. exf6 Nxf6 17. Bxh7 0-0-0 18. Bd3 Rdf8 19. Kg1 e5 20. dxe5 d4 21. Bxd4 Qd8 22. exf6 gxf6 23. Ne6 Qd5 24. Nf4 Qd6 25. Be3 Kb8 26. Be2 Qe7 27. Qd4 1-0

[Event "Euskadi-ch"]
[Site "Zornotza"]
[Date "2009.04.19"]
[Round "7"]
[White "Arana Garate, Jon"]
[Black "Torres Garcia, Koldo"]
[Result "0-1"]
[WhiteElo "1966"]
[BlackElo "2043"]
[PlyCount "69"]
[EventDate "2009.04.13"]
[EventType "swiss"]
[EventRounds "7"]
[EventCountry "ESP"]
[SourceTitle "EXT 2010"]
[Source "ChessBase"]
[SourceDate "2010.11.25"]
[SourceVersion "1"]
[SourceVersionDate "2010.11.25"]
[SourceQuality "1"]

1. d4 Nf6 2. c4 e5 3. d5 c6 4. e4 Nxe4 5. Qe2 cxd5 6. f3 Nf6 7. cxd5 Bb4+ 8. Bd2 Bxd2+ 9. Nxd2 0-0 10. 0-0-0 d6 11. g4 Na6 12. Nb3 Nb4 13. Kb1 a5 14. Qc4 Bd7 15. a3 b5 16. Qe2 Nbxd5 17. Qd2 a4 18. g5 Bf5+ 19. Bd3 Bxd3+ 20. Qxd3 Nf4 21. Qd2 N6d5 22. Nc1 Qxg5 23. Nge2 Qf5+ 24. Ka1 Rfd8 25. Rhg1 Nb6 26. Ng3 Qh3 27. Nce2 Nc4 28. Qc2 Ne3 29. Qe4 Nxd1 30. Nxf4 exf4 31. Nf5 g6 32. Qxf4 Kf8 33. Nxd6 Qe6 34. Rxd1 Ra6 35. Qh6+ 0-1